Focus sur: Maglor - Tolkien - Statistiques

Statistiques générales
  • Ce quiz a été pris 12 fois
  • Le résultat moyen est 15 sur 20
Statistiques - réponses
Informations recherchées Réponses % Correct
Espèce Elfe
100%
Couleur des cheveux Noir
100%
Groupe de l'espèce Noldor
100%
Age durant lequel elle vécut Premier
100%
Contrées Valinor
100%
Père Fëanor
90%
Première apparition Le Silmarillion
90%
Beleriand ("Brèche de Maglor")
80%
Amras
70%
Amrod
70%
Caranthir
70%
Curufin
70%
Frères Maedhros
70%
Celegorm
60%
Mère Nerdanel
60%
Profession et talent Poète/Chanteur
60%
Cités Tirion
60%
Himring
50%
Kanafinwë
30%
Autres noms Makalaurë
30%
Aucun quiz correspondant
Distribution des résultats
% des personnes avec chaque résultat
Percentile par nombre de réponses
Votre historique - résultats
Vous n’avez pas pris ce quiz